000 00801nam a22002297a 4500
005 20170124105942.0
010 _aB-065091
020 _c00.00
_a8173043981
035 _aB-065091
037 _bCen Lib/Ret
040 _aDPL
_bEN
082 _a320.55
_bKAN
100 _aKanungo, Pralay
_911582
245 _aRSS's tryst with politics :
_cby Pralay Kanungo
_bfrom hedgewar to Sudarshan /
260 _aNew Delhi
_bManohar Publications
_c2002
270 _a4753/23, Ansari Road, Dariya Ganj
_bNew Delhi
_e110002
300 _a314p.
_c21cm(Hb)
500 _aIncludes bibliographical references and index
650 _aRashtriya Swayam Sevak Sangh -- History.
_973982
650 _aIndia -- Politics and government -- 20th century.
_98568
942 _2ddc
_cEN
_h320.55
_mKAN
999 _c124681
_d124681